Re-settlement of ex-servicemen (Record no. 501126)

000 -LEADER
fixed length control field 00397cam a22001337a 4500
008 - FIXED-LENGTH DATA ELEMENTS--GENERAL INFORMATION
fixed length control field 180718b1976 xxu||||| |||| 00| 0 eng d
082 ## - DEWEY DECIMAL CLASSIFICATION NUMBER
Classification number APPPA 75-76/NAR
100 ## - MAIN ENTRY--PERSONAL NAME
Personal name Narasimhan, T.S.
245 ## - TITLE STATEMENT
Title Re-settlement of ex-servicemen
Statement of responsibility, etc. by T.S. Narasimhan
260 ## - PUBLICATION, DISTRIBUTION, ETC.
Place of publication, distribution, etc. New Delhi
Name of publisher, distributor, etc. Indian Institute of Public Administration
Date of publication, distribution, etc. 1976
300 ## - PHYSICAL DESCRIPTION
Extent 80p.
650 ## - SUBJECT ADDED ENTRY--TOPICAL TERM
Topical term or geographic name entry element Ex-servicemen
650 ## - SUBJECT ADDED ENTRY--TOPICAL TERM
Topical term or geographic name entry element Re-settlement
Holdings
Withdrawn status Lost status Damaged status Not for loan Permanent Location Current Location Date acquired Full call number Barcode Date last seen Price effective from Koha item type
        Indian Institute of Public Administration Indian Institute of Public Administration 2018-08-04 APPPA 75-76/NAR GR9431 2018-08-04 2018-08-04 GR

Powered by Koha